Biggest Cities in India by Letter - A - Statistics

General Stats
  • This quiz has been taken 122 times
  • The average score is 6 of 15
Answer Stats
Population State City % Correct
5,577,940 Gujarat Ahmedabad
99%
1,585,704 Uttar Pradesh Agra
82%
1,132,383 Punjab Amritsar
82%
1,175,116 Maharastra Aurangabad
70%
564,491 West Bengal Asansol
56%
872,575 Uttar Pradesh Aligarh
46%
291,822 Mizoram Aizawl
40%
399,688 Tripura Agartala
36%
399,688 Maharashtra Ahmednagar
33%
542,580 Rajasthan Ajmer
33%
872,575 Maharastra Amravati
23%
537,149 Maharastra Akola
16%
478,134 Tamil Nadu Ambattur
14%
315,310 Rajasthan Alwar
13%
344,701 Tamil Nadu Avadi
7%
No matching quizzes found
Score Distribution
Percent of People with Each Score
Percentile by Number Answered
Your Score History
You have not taken this quiz